Statistics for Countries Bordering Europe

Click here to take the quiz!

General Stats

  • This quiz has been taken 143 times
    (125 since last reset)
  • The average score is 6 of 7

Answer Stats

Country% Correct
Turkey
94%
Kazakhstan
92%
China
86%
Georgia
85%
Mongolia
81%
Azerbaijan
79%
North Korea
72%

Score Distribution

Percentile by Number Answered

Percent of People with Each Score

Your Score History

You have not taken this quiz since the last reset